00901cam a2200229 a 4500001000500000005001700005020001800022040002300040050002000063082001000083100002400093245009000117260004100207300004900248490002300297505000800320520026400328521002000592521002000612650002100632700001800653307220240202120423.0 a9781410967688 aDLCcDLCdDLCbeng00aPZ8.G947b 201300a398.21 aGuillain, Charlotte14aThe poodle and the pea /cwritten by Charlotte Guillain ; illustrated by Dawn Beacon. aChicago, Illinois :bRaintree,c2013 a24 pages : bcolor illustrations ;c26 cm . 0 aAnimal fairy tales aN  aA simplified version of the familiar tale featuring a young poodle who has been lost in the woods then finds shelter in a palace where, by feeling a pea through many blankets, she proves that she is a real princess. Includes a note on the history of the tale. a560 bLexile  aN bRaz-Plus  1adogvfairy tales1 aBeacon, Dawn